00417nam a22001337a 450000500170000000800410001702000220005805000210008010000150010124500840011626000330020030000100023365000400024320251209114132.0251209b |||||||| |||| 00| 0 eng d a978-93-8651-514-8 aKNS 50.B493 2018 aBHATIA K.L aMOOT COURT AND MOCK TRIALbART TO AND ART OF ADVOCACY:ESSENTIALS OF COURT CRAFT aINDIAbLEXIS AND NEXISc2018 aX,284 aMoot courts-india Mock traits india